| 000 | 00932 a2200169 4500 | ||
|---|---|---|---|
| 005 | 20250611115203.0 | ||
| 020 | _a032420082X | ||
| 082 | _a519.5AND | ||
| 100 | _aANDERSON. R. D | ||
| 111 | _aSOUTH WESTERN | ||
| 245 | _aStatistics for Business and Economics | ||
| 250 | _a9th Ed. | ||
| 260 |
_aUSA _bANDERSON. R. D _c2005 |
||
| 300 |
_axxvi, 1023, ill, figure, table, picture. _bAppendix, Index _c26cm 26cm |
||
| 700 | _aSWEENEY. J. D, WILLIAMS. A. T. | ||
| 942 |
_2ddc _cBKS |
||
| 999 |
_c3749 _d3749 |
||